000 00777nam a2200229 a 4500
001 000048591
003 OSt
005 20240412074307.0
008 110209s2015 dr 000 j spa d
040 _aDO-SdBNP
_bspa
_cBNPHU
082 4 _aRD863.44
_bC697c
_222
100 1 _aCollado, Lipe,
_d1947-
_979819
245 1 0 _aCuentos de guerra, cuentos de paz :
_bselección antológica de relatos del autor /
_cFelipe Collado.
260 _aSanto Domingo :
_bCollado,
_c2015.
300 _a155 p. ;
_c23 cm.
590 _aInventariado, 2019/VM
600 1 4 _aCollado, Lipe,
_d1947-
_xCrítica e interpretación
_951350
650 0 _aCuentos dominicanos
_9176
650 0 _aLiteratura dominicana.
_967
910 _aValidado. Control de calidad MFF
942 _2ddc
_cLF1
999 _c48079
_d48079